LEADER 03647oam 22009854a 450 001 9910777767503321 005 20230828200855.0 010 $a1-57387-954-1 010 $a1-57387-944-4 035 $a(CKB)1000000000472996 035 $a(MH)010254141-8 035 $a(SSID)ssj0000247694 035 $a(PQKBManifestationID)11191154 035 $a(PQKBTitleCode)TC0000247694 035 $a(PQKBWorkID)10199953 035 $a(PQKB)10548786 035 $a(MiAaPQ)EBC3316141 035 $a(EXLCZ)991000000000472996 100 $a20070215d2007 uy 0 101 0 $aeng 181 $ctxt 182 $cc 183 $acr 200 10$aSocial software in libraries $ebuilding collaboration, communication, and community Online /$fMeredith G. Farkas$b[electronic resource] 210 $aMedford, N.J. $cInformation Today$dc2007 215 $a1 online resource (xxiv, 320 p. )$cill. ; 300 $aBibliographic Level Mode of Issuance: Monograph 311 $a1-57387-275-X 320 $aIncludes bibliographical references (p. 283-295) and index. 327 $aWhat is social software? -- Blogs -- Blogs in libraries : practical applications -- RSS -- Wikis -- Online communities -- Social networking -- Social bookmarking and collaborative filtering -- Tools for synchronous online reference -- The mobile revolution -- Podcasting -- Screencasting and vodcasting -- Gaming -- What will work @ your library -- Keeping up : a primer -- Future trends in social software. 606 $aLibraries and the Internet 606 $aTelecommunication in libraries 606 $aLibraries and community 606 $aLibraries$xInformation technology 606 $aElectronic reference services (Libraries) 606 $aOnline social networks 606 $aBlogs 606 $aRSS feeds 606 $aWikis and libraries 606 $aPodcasting 606 $aLibraries and the Internet$xInformation technology 606 $aPodcasting 606 $aTelecommunication in libraries 606 $aLibraries and community 606 $aLibraries 606 $aOnline social networks 606 $aBlogs 606 $aRSS feeds 606 $aLibrary & Information Science$2HILCC 606 $aSocial Sciences$2HILCC 615 0$aLibraries and the Internet. 615 0$aTelecommunication in libraries. 615 0$aLibraries and community. 615 0$aLibraries$xInformation technology. 615 0$aElectronic reference services (Libraries) 615 0$aOnline social networks. 615 0$aBlogs. 615 0$aRSS feeds. 615 0$aWikis and libraries. 615 0$aPodcasting. 615 0$aLibraries and the Internet$xInformation technology 615 0$aPodcasting 615 0$aTelecommunication in libraries 615 0$aLibraries and community 615 0$aLibraries 615 0$aOnline social networks 615 0$aBlogs 615 0$aRSS feeds 615 7$aLibrary & Information Science 615 7$aSocial Sciences 676 $a025.5/24 700 $aFarkas$b Meredith G.$f1977-$01577046 801 0$bDLC 801 1$bDLC 801 2$bYDX 801 2$bBAKER 801 2$bBTCTA 801 2$bYDXCP 801 2$bRLS 801 2$bNPL 906 $aBOOK 912 $a9910777767503321 996 $aSocial software in libraries$93855282 997 $aUNINA 999 $aThis Record contains information from the Harvard Library Bibliographic Dataset, which is provided by the Harvard Library under its Bibliographic Dataset Use Terms and includes data made available by, among others the Library of Congress LEADER 03548nam1 22005653i 450 001 RAV0222040 005 20251003044327.0 010 $a8815041680 020 $aIT$b94-3865 100 $a19960918d1993 ||||0itac50 ba 101 | $aita 102 $ait 181 1$6z01$ai $bxxxe 182 1$6z01$an 183 1$6z01$anc$2RDAcarrier 200 1 $aˆIl ‰lavoro pubblico$fa cura di Mario Rusciano e Lorenzo Zoppoli$gcon scritti di Marco Esposito ... [et al.] 210 $aBologna$cIl mulino$d1993 215 $a643 p.$d22 cm 225 | $aOrganizzazione e funzionamento della pubblica amministrazione$v30 410 0$1001CFI0167920$12001 $aOrganizzazione e funzionamento della pubblica amministrazione$v30 464 1$1001CSA0128054$12001 $aIntroduzione: disciplina del lavoro pubblico e funzionalità dei servizi$fMario Rusciano e Lorenzo Zoppoli$1700 1$aRusciano$b, Mario$3CFIV026073$4070$1701 1$aZoppoli$b, Lorenzo$3CFIV037498$4070 464 1$1001CSA0128055$12001 $aˆLe ‰assunzioni nel pubblico impiego$fVincenzo Luciani$1700 1$aLuciani$b, Vincenzo$f <1964- >$3CFIV201047$4070 464 1$1001CSA0128056$12001 $aˆL'‰inquadramento: la qualifica funzionale nell'impiego statale e nel parastato$fDomenico Puca$1700 1$aPuca$b, Domenico$3CSAV038836$4070 464 1$1001CSA0128059$12001 $aˆLa mobilità e gli interventi legislativi centralistici‰: il modello dell'impiego statale e parastatale$fFrancescopaolo Panariello$1700 1$aPanariello$b, Francescopaolo$3LO1V178874$4070 464 1$1001CSA0128061$12001 $aˆLa ‰mobilità del personale nel servizio sanitario nazionale$fFrancescopaolo Panariello$1700 1$aPanariello$b, Francescopaolo$3LO1V178874$4070 464 1$1001CSA0128062$12001 $aCongedi, aspettative e permessi$fAntonio Viscomi$1700 1$aViscomi$b, Antonio$3MILV052610$4070 464 1$1001CSA0128063$12001 $aˆLa ‰tutela della salute dei pubblici dipendenti nell'ambiente di lavoro$fMarcella Grana$1700 1$aGrana$b, Marcella$3IEIV090456$4070 464 1$1001CSA0128065$12001 $aˆL'‰orario di lavoro$fPatrizia Kivel Mazuy$1700 1$aMazuy$b, Patricia$3CAGV671033$4070 464 1$1001CSA0128069$12001 $aˆL'‰estinzione del rapporto di pubblico impiego$fGaetano Natullo$1700 1$aNatullo$b, Gaetano$3VIAV097424$4070 606 $aImpiego pubblico$xLegislazione$xItalia$2FIR$3RMLC001496$9E 676 $a342.068$9DIRITTO AMMINISTRATIVO. FUNZIONARI E DIPENDENTI$v21 676 $a342.45068$9DIRITTO COSTITUZIONALE E DIRITTO AMMINISTRATIVO. FUNZIONARI E DIPENDENTI. ITALIA$v21 676 $a351.1$9AMMINISTRAZIONI CENTRALI. GESTIONE DEL PERSONALE$v20 696 $aRapporto di pubblico impiego$aPubblico impiego 699 $aImpiego pubblico$yRapporto di pubblico impiego 699 $aImpiego pubblico$yPubblico impiego 702 1$aRusciano$b, Mario$3CFIV026073$4340 702 1$aZoppoli$b, Lorenzo$3CFIV037498$4340 702 1$aEsposito$b, Marco$f <1966- >$3RAVV084450$4070 790 1$aEsposito$b, Marco$c $3CFIV377301$zEsposito, Marco <1966- > 801 3$aIT$bIT-000000$c19960918 850 $aIT-BN0095 $aIT-NA0457 901 $bNAP 01$cD $n$ 901 $bNAP BI$cSALA 3 $nLibri da 1597 a 3785 912 $aRAV0222040 950 1$aBiblioteca Centralizzata di Ateneo$d 01D (AR) 13 153$e 01AR 0700131535 VMA 1 v.$fY $h19941017$i20180829 967 $n9 977 $a 01$a BI 996 $aLavoro pubblico$968822 997 $aUNISANNIO